Score 0/13 Timer 02:00
3 Plays Today
% Correct
Rory Gilmore
98.1%
Luke Danes
94.4%
Emily Gilmore
91.7%
Paris Geller
91.7%
Dean Forester
91.4%
Richard Gilmore
90.6%
Jess Mariano
90.4%
Lorelai Gilmore
89.8%
Lane Kim
88.9%
Sookie St. James
88.5%
Michel Gerard
86.5%
Kirk Gleason
85.4%
Miss Patty
84.6%
Remove Ads.
Support Sporcle.
Get the best of Sporcle when you Go Orange. This ad-free experience offers more features, more stats, and more fun while also helping to support Sporcle. Thank you for becoming a member.

You're not logged in!

Compare scores with friends on all Sporcle quizzes.
OR
Log In

Show Comments

Extras

Top Quizzes Today


Score Distribution

Your Account Isn't Verified!

In order to create a playlist on Sporcle, you need to verify the email address you used during registration. Go to your Sporcle Settings to finish the process.

Report this User

Report this user for behavior that violates our Community Guidelines.

Details: